Science Quiz

Random Science Quiz

Leg & Foot Muscles: Actions Quiz Stats

 Plays Quiz not verified by Sporcle

Score 0/12 Timer 10:00
0 Plays Today
Muscle name Action % Correct
SoleusPlantar flexes foot
83.3%
Tibialis anteriorDorsiflexes and inverts foot
58.3%
Extensor digitorum longusExtends toes 2-5 and dorsiflexes foot
58.3%
GastrocnemiusPlantar flexes foot and flexes leg
50%
PlantarisPlantar flexes foot and flexes leg
50%
Flexor digitorum longusFlexes toes 2-5 and plantar flexes foot
41.7%
Extensor hallucis longusExtends big toe and dorsiflexes foot
41.7%
Flexor hallucis longusFlexes big toe and plantar flexes foot
33.3%
Tibialis posteriorPlantar flexes foot and inverts foot
33.3%
Fibularis longusEverts and plantar flexes foot
33.3%
Fibularis brevisEverts and plantar flexes foot
33.3%
Fibularis tertiusDorsiflexes and everts foot
33.3%

You're not logged in!

Compare scores with friends on all Sporcle quizzes.
OR
Log In

Show Comments

Extras

Created Oct 22, 2010ReportNominate
Tags:action, foot, innervation, leg, muscle

Top Quizzes Today


Score Distribution

Your Account Isn't Verified!

In order to create a playlist on Sporcle, you need to verify the email address you used during registration. Go to your Sporcle Settings to finish the process.

Report this User

Report this user for behavior that violates our Community Guidelines.

Details: